| 000 | 01447nam a2200277Ia 4500 | ||
|---|---|---|---|
| 003 | OSt | ||
| 005 | 20200717230106.0 | ||
| 008 | 191128s2011 fr adb fr 000 0 spa d | ||
| 040 |
_aCO-JMCR _cCO-JMCR |
||
| 041 | 0 | _aspa | |
| 082 | 0 | 4 |
_a338.98 / _bQ394d _223 |
| 100 | 1 |
_aQuenan, Carlos, _ecoordinador _97490 |
|
| 245 | 1 | 4 |
_aLos desafíos del desarrollo en América Latina : _bdinámicas socioeconómicas y políticas públicas / _cCoordinador Carlos Quenan y Sébastien Velut |
| 260 |
_aParis : _bAgence Française de Développement, _c2011 |
||
| 300 |
_a395 páginas : _bgráficas y mapas ; _c23 cm. |
||
| 504 | _abibliografía: página 385 | ||
| 505 | 0 | _aDinámicas económicas: tendencias y perspectivas -- Demografía, pobreza y desigualdades -- El papel del Estado -- Políticas públicas -- Las relaciones Unión Europea - América Latina | |
| 520 | 3 | _aMás allá de una diversidad de situciones nacionales y regionales, América Latina presenta rasgos comunes que le confieren un lugar particular en el mundo. Una posición que se destaca por una serie de atributos. | |
| 650 | 1 | 4 |
_aDesarrollo económico _zAmérica Latina _97491 |
| 650 | 1 | 4 |
_aIntegración regional _zAmérica Latina _97492 |
| 650 | 1 | 4 |
_aPolítica pública _zAmérica Latina _97493 |
| 651 | 4 |
_aAmérica Latina _xpolítica social _97494 |
|
| 651 | 4 |
_2América Latina _xpolítica económica _97451 |
|
| 700 | 1 |
_aVelut, Sébastien, _ecoordinador _97495 |
|
| 942 |
_2ddc _cBK |
||
| 999 |
_c3733 _d3733 |
||